50 der 200 größten deutschen Städte - Statistiken

Allgemein
  • Dieses Quiz wurde 248 mal gespielt
  • Das Durchschnittsergebnis liegt bei 19 aus 51
Antwortstatistiken
Bundesland Einwohnerzahl Stadt % Korrekt
Rheinland-Pfalz 83.850 Worms
69%
Thüringen 65.138 Weimar
61%
Baden-Württemberg 92.640 Esslingen
54%
Bayern 73.150 Landshut
54%
Niedersachsen 69.279 Celle
52%
Rheinland-Pfalz 50.565 Speyer
51%
Bayern 63.508 Rosenheim
50%
Sachsen-Anhalt 78.731 Dessau-Roßlau
48%
Niedersachsen 50.010 Goslar
46%
Niedersachsen 77.522 Delmenhorst
44%
Rheinland-Pfalz 48.773 Frankenthal
44%
Baden-Württemberg 58.061 Göppingen
44%
NRW 75.343 Gladbeck
43%
Niedersachsen 57.394 Hameln
43%
NRW 83.697 Marl
43%
NRW 77.523 Viersen
42%
NRW 73.078 Castrop-Rauxel
41%
Bayern 53.585 Schweinfurt
41%
Hessen 52.969 Wetzlar
40%
NRW 67.114 Dinslaken
39%
Baden-Württemberg 60.857 Offenburg
39%
Baden-Württemberg 50.928 Ravensburg
39%
NRW 75.222 Troisdorf
39%
NRW 68.007 Lippstadt
37%
NRW 81.593 Velbert
37%
NRW 71.074 Bocholt
36%
NRW 63.922 Grevenbroich
35%
NRW 60.034 Hürth
35%
NRW 76.948 Rheine
35%
NRW 55.182 Hilden
33%
Baden-Württemberg 61.333 Schwäbisch Gmünd
33%
NRW 64.553 Dormagen
32%
NRW 66.551 Herford
32%
NRW 52.470 Kleve
32%
Baden-Württemberg 55.526 Waiblingen
32%
Niedersachsen 51.986 Wolfenbüttel
31%
NRW 54.061 Hattingen
30%
Niedersachsen 54.712 Langenhagen
30%
NRW 60.688 Wesel
30%
NRW 56.855 Meerbusch
29%
Niedersachsen 54.162 Nordhorn
29%
NRW 54.805 Pulheim
28%
NRW 48.803 Bad Oeynhausen
27%
NRW 61.807 Bergheim
27%
NRW 48.669 Bergkamen
27%
NRW 59.223 Langenfeld
27%
NRW 56.103 Stolberg
26%
NRW 49.667 Erftstadt
25%
NRW 54.074 Bad Salzuflen
23%
NRW 55.563 Sankt Augustin
21%
NRW 50.133 Willich
20%
Keine übereinstimmenden Quizze gefunden
Verteilung der Resultate
Anzahl Personen mit jedem Resultat
Perzentil nach korrekt beantworteten Fragen
Ihre Resultats-Entwicklung
Sie haben dieses Quiz noch nicht gespielt